| 000 | 00792 a2200229 4500 | ||
|---|---|---|---|
| 001 | 30685 | ||
| 005 | 20260407155616.0 | ||
| 008 | 260407a2015 arg spa d | ||
| 003 | AR-UNSa-BCEJYS | ||
| 040 |
_aAR-UNSa-BCEJYS _bspa _cAR-UNSa-BCEJYS |
||
| 080 |
_a343.2 _xDerecho penal |
||
| 245 | 1 | 0 | _aContra el decoro y otros ensayos |
| 020 | _a978-987-745-015-6 | ||
| 264 | 1 |
_aBuenos Aires : _bAD-HOC _c2015 |
|
| 300 |
_a143 p. _c23 cm. |
||
| 505 | _a1. Contra El Decoro - 2. Los riesgos de la seguridad urbana - 3. Justicia Penal y libertad femenina | ||
| 041 | _aspa | ||
| 942 | _cBK | ||
| 590 | _aniveau_biblio:m niveau_hierar:0 | ||
| 100 | 1 | _aPitch, Tamar | |
| 856 | 4 | 1 |
_uhttps://biblioeco.unsa.edu.ar/pmb/images/libros/Contra el decoro y otros ensayos.jpg _yImagen de portada _qimage/jpeg |
| 999 |
_c2112 _d2112 |
||